Spell the Marvel Hero #143 - Statistics

General Stats
  • This quiz has been taken 11 times
  • The average score is 6 of 8
Answer Stats
Picture Answer % Correct
Captain Britain
100%
Rogue
100%
Angel
80%
Yellowjacket
80%
Crystal
70%
Songbird
70%
Lightspeed
60%
Timeslip
50%
No matching quizzes found
Score Distribution
Percent of People with Each Score
Percentile by Number Answered
Your Score History
You have not taken this quiz